| 000 | 01213nam a22001577a 4500 | ||
|---|---|---|---|
| 999 |
_c514202 _d514202 |
||
| 008 | 201014b ||||| |||| 00| 0 eng d | ||
| 100 |
_aMillner, Antony _918644 |
||
| 245 | _aNon-dogmatic social discounting | ||
| 260 | _aThe American Economic Review | ||
| 300 | _a110(3), Mar, 2020: p.760-775 | ||
| 520 | _aThe long-run social discount rate has an enormous effect on the value of climate mitigation, infrastructure projects, and other long-term public policies. Its value is however highly contested, in part because of normative disagreements about social time preferences. I develop a theory of "nondogmatic" social planners, who are insecure in their current normative judgments and entertain the possibility that they may change. Although each nondogmatic planner advocates an idiosyncratic theory of intertemporal social welfare, all such planners agree on the long-run social discount rate. Nondogmatism thus goes some way toward resolving normative disagreements, especially for long-term public projects. – Reproduced | ||
| 650 |
_aAllocative efficiency, Cost-benefit analysis, Social discount rate _918609 |
||
| 773 | _aThe American Economic Review | ||
| 906 | _aPROJECT EVALUATION | ||
| 942 | _cAR | ||